| 000 | 00598nam a2200181 i 4500 | ||
|---|---|---|---|
| 001 | 108803 | ||
| 003 | ES-MaACL | ||
| 005 | 20230906184718.0 | ||
| 007 | t| | ||
| 008 | 061121s1967 sp r ||||1| spa d | ||
| 100 | 1 |
_aMontoto de Sedas, Cástor. _982702 |
|
| 245 | 1 | 0 |
_aEn los escritos de la madre Rafols ¿ hay anacronismos? ¿ hay plagios ? / _cCástor Montoto de Sedas (Gustavo Luis) [seud.]. |
| 250 | _a2.ª ed. | ||
| 260 |
_aSevilla : _b[s.n.], _c1967 ( _fImp. San Antonio) |
||
| 300 |
_a32 p. : _bil. ; _c22 cm. |
||
| 600 | 1 | 4 |
_aMaría Rafols _cBeata. _9151146 |
| 852 |
_aES-MaACL _j2065-F-1 |
||
| 999 |
_c108803 _d108803 |
||